书目信息 |
| 题名: |
英语常用动词用法词典
|
|
| 作者: | 张道真 编著 | |
| 分册: | ||
| 出版信息: | 北京 外语教学与研究出版社 1996 |
|
| 页数: | 972页 | |
| 开本: | 19cm | |
| 丛书名: | ||
| 单 册: | ||
| 中图分类: | H314.2-61 | |
| 科图分类: | ||
| 主题词: | 英语-动词--词典 , 动词-英语--词典 | |
| 电子资源: | ||
| ISBN: | 7-5600-0874-7 | |
| 000 | 00731nam0 2200229 45 | |
| 001 | 0196027274 | |
| 005 | 20060303110911.45 | |
| 010 | @a7-5600-0874-7@b精装@dCNY35.80 | |
| 100 | @a19960723d1996 em y0chiy0121 ea | |
| 101 | 0 | @achi@aeng |
| 102 | @aCN@b110000 | |
| 105 | @ay e 000yy | |
| 200 | 10 | @a英语常用动词用法词典@Aying yu chang yong dong ci yong fa ci dian@e重排本@f张道真编著@Fzhang dao zhen bian zhu |
| 210 | @a北京@c外语教学与研究出版社@d1996 | |
| 215 | @a972页@d19cm | |
| 510 | 1 | @aA dictionary of commonly used English verbs@zeng |
| 606 | @a英语-动词@x词典 | |
| 606 | @a动词-英语@x词典 | |
| 690 | @aH314.2-61 | |
| 701 | 0 | @a张道真@Azhang dao zhen@4编著 |
| 801 | 0 | @aCN@bTSSF@c20060303 |
| 905 | @a10447@dH314.2-61@e350 | |
| 英语常用动词用法词典:重排本/张道真编著.-北京:外语教学与研究出版社,1996 |
| 972页;19cm |
| ISBN 7-5600-0874-7(精装):CNY35.80 |
| ● |
| 相关链接 |
|
|
|
|
正题名:英语常用动词用法词典
索取号:H314.2-61/350
 
预约/预借
| 序号 | 登录号 | 条形码 | 馆藏地/架位号 | 状态 | 备注 |
| 1 | 0338979 | 203389797 | 第二样本阅览室/ [索取号:H314.2-61/350] | 在馆 |